000 00313 a2200121 4500
001 121979
020 _a9782090327694
040 _cEscola Canadense de Niteroi
090 _aMUSIC
100 _aColette Samson
245 1 0 _aAmis 1 et compagnie - Méthode de Français - A1 - 1 CD audio individuel
942 _cMATP
999 _c121979
_d121979